000 01157nam a22002297a 4500
999 _c22895
_d22895
005 20251125232921.0
008 s2519 th tha d
040 _a์NALT
041 _atha
090 _aอ AD290.1 ร362ร 2519
110 0 _aสำนักงานเลขาธิการรัฐสภา
245 1 0 _aภาพและประวัติสมาชิกวุฒิสภา พ.ศ. 2519 : รัฐสภาสาร ปีที่ 24 ฉบับที่ 5 พฤษภาคม 2519
260 3 _aกรุงเทพฯ :
_bสำนักงานเลขาธิการรัฐสภา,
_c2519
300 _a238 หน้า :
_b ภาพประกอบ, ตาราง ;
_c 26 ซม.
650 0 4 _aสมาชิกรัฐสภา -- ทำเนียบนาม
650 0 4 _aสมาชิกวุฒิสภา -- ทำเนียบนาม
650 0 4 _aสมาชิกสภาผู้แทนราษฎร -- ทำเนียบนาม
850 _aNALT
856 4 0 _uhttps://hdl.handle.net/20.500.14156/297040
942 _cREF
_2lcc